|
|
|
|
| LEADER |
00000cam a2200000 i 4500 |
| 001 |
1/45732 |
| 008 |
941103s1970 gr | ||| |||| ||gre|| |
| 035 |
|
|
|a 1990
|c ΔΩΡΕΑ
|l 10042616
|
| 040 |
|
|
|a GR-MyUA
|b gre
|e AACR2
|
| 041 |
1 |
|
|a gre
|h eng
|
| 082 |
0 |
|
|a 828.9913
|
| 100 |
1 |
|
|a Beckett, Samuel,
|d 1906-1989.
|
| 245 |
1 |
0 |
|a Μάρφυ /
|c Μυθιστόρημα ; Samuel Beckett ; Μετάφραση Ρίτας Μπούμη Παπά.
|
| 260 |
|
|
|a Αθήνα :
|b Δωρικός,
|c 1970.
|
| 300 |
|
|
|a 285 σ. ;
|c 22 εκ.
|
| 500 |
|
|
|a Τίτλος πρωτοτύπου: Murphy
|
| 650 |
0 |
0 |
|a Irish fiction.
|
| 700 |
1 |
|
|a Μπούμη-Παπά, Ρίτα,
|d 1906-1984,
|e trlf
|
| 852 |
|
|
|a INST
|b SAMOS
|e 19941103
|h 828.9913 BEC
|p 005300000486
|q 005300000486
|t BK
|y 0
|
| 909 |
|
|
|a Σ
|b 000466
|